El legado de la España de las tres culturas / (Record no. 190577)
[ view plain ]
| 000 -LEADER | |
|---|---|
| campo de control de longitud fija | 01530nam a2200337 i 4500 |
| 001 - NÚMERO DE CONTROL | |
| campo de control | 190577 |
| 003 - IDENTIFICADOR DE NÚMERO DE CONTROL | |
| campo de control | ES-MaACL |
| 005 - FECHA Y HORA DE LA ÚLTIMA TRANSACCIÓN | |
| campo de control | 20240612113942.0 |
| 008 - DATOS DE LONGITUD FIJA--INFORMACIÓN GENERAL | |
| campo de control de longitud fija | 210104s2018 sp a 101 0 spa |
| 020 ## - NÚMERO INTERNACIONAL ESTÁNDAR DEL LIBRO | |
| Número Internacional Estándar del Libro | 978-84-09-00958-9 |
| 080 ## - NÚMERO DE LA CLASIFICACIÓN DECIMAL UNIVERSAL | |
| Número de la Clasificación Decimal Universal | 94(460)"0414/1474"(062.552) |
| 080 ## - NÚMERO DE LA CLASIFICACIÓN DECIMAL UNIVERSAL | |
| Número de la Clasificación Decimal Universal | 930.85(460=411.21)(062.552) |
| 080 ## - NÚMERO DE LA CLASIFICACIÓN DECIMAL UNIVERSAL | |
| Número de la Clasificación Decimal Universal | 94(460.25)(062.552) |
| 111 2# - ENTRADA PRINCIPAL--NOMBRE DE CONGRESO/REUNIÓN | |
| Nombre de congreso/reunión o jurisdicción como elemento de entrada | Jornadas de Historia en Llerena ( |
| Número del congreso/reunión o número de parte o sección | 18ª. |
| Fecha del congreso o de la firma del tratado | 2017) |
| 9 (RLIN) | 173986 |
| 245 13 - MENCIÓN DEL TÍTULO | |
| Título | El legado de la España de las tres culturas / |
| Mención de responsabilidad, etc. | [XVIII Jornadas de Historia en Llerena, 3 y 4 de noviembre de 2017 ; coordinación, Felipe Lorenzana de la Puente, Francisco Javier Mateos Ascacíbar]. |
| 260 ## - PUBLICACIÓN, DISTRIBUCIÓN, ETC. | |
| Lugar de publicación, distribución, etc. | Llerena (Badajoz) : |
| Nombre del editor, distribuidor, etc. | Sociedad Extremeña de Historia, |
| Fecha de publicación, distribución, etc. | [2018] |
| 300 ## - DESCRIPCIÓN FÍSICA | |
| Extensión | 278 p. : |
| Otras características físicas | il. ; |
| Dimensiones | 24 cm + |
| Material acompañante/anejo | 1 DVD. |
| 500 ## - NOTA GENERAL | |
| Nota general | Índice disponible en Dialnet. |
| 504 ## - NOTA DE BIBLIOGRAFÍA, ETC. | |
| Nota de bibliografía, etc. | Referencias bibliográficas. |
| 546 ## - NOTA DE IDIOMA | |
| Nota de lengua/lenguaje | Texto en español; resúmenes en español e inglés. |
| 651 #4 - PUNTO DE ACCESO ADICIONAL DE MATERIA--NOMBRE GEOGRÁFICO | |
| Nombre geográfico | España- |
| Subdivisión general | Historia- |
| Subdivisión cronológica | 0414-1474, Edad media- |
| Subdivisión de forma | Congresos y asambleas. |
| 9 (RLIN) | 173987 |
| 651 #4 - PUNTO DE ACCESO ADICIONAL DE MATERIA--NOMBRE GEOGRÁFICO | |
| Nombre geográfico | Al-Andalus- |
| Subdivisión general | Civilización. |
| 9 (RLIN) | 7608 |
| 651 #4 - PUNTO DE ACCESO ADICIONAL DE MATERIA--NOMBRE GEOGRÁFICO | |
| Nombre geográfico | Extremadura- |
| Subdivisión general | Historia- |
| Subdivisión de forma | Congresos y asambleas. |
| 9 (RLIN) | 137146 |
| 700 1# - ENTRADA AGREGADA--NOMBRE PERSONAL | |
| Nombre de persona | Lorenzana de la Puente, Felipe. |
| 9 (RLIN) | 129072 |
| 700 1# - ENTRADA AGREGADA--NOMBRE PERSONAL | |
| Nombre de persona | Mateos Ascacíbar, Francisco J. |
| 9 (RLIN) | 129719 |
| 710 2# - ENTRADA AGREGADA--NOMBRE DE ENTIDAD CORPORATIVA | |
| Nombre de entidad corporativa o nombre de jurisdicción como elemento de entrada | Sociedad Extremeña de Historia. |
| 9 (RLIN) | 6768 |
| 852 4# - LOCALIZACIÓN | |
| Ubicación | ES-MaACL |
| Número de control de estantería | A-14834 |
| itemnumber | 197755 |
| Sublocalización o colección | R.152290 |
| Ubicación en estantería | Depósito 1 |
| Signatura antigua | Olim: N-7834 |
| Donativo/Legado | Donativo: Editorial |
| 852 4# - LOCALIZACIÓN | |
| Ubicación | ES-MaACL |
| Número de control de estantería | ROT 6/2/31 |
| Ubicación en estantería | Rotativo |
| itemnumber | 203360 |
| Donativo/Legado | Donativo: Editorial |
| 942 ## - ELEMENTOS DE ENTRADA SECUNDARIOS (KOHA) | |
| Fuente del sistema de clasificación o colocación | Clasificación decimal universal |
| Estatus retirado | Estado de pérdida | Fuente del sistema de clasificación o colocación | Estado de daño | No para préstamo | Biblioteca de origen | Biblioteca actual | Ubicación en estantería | Fecha de adquisición | Fuente de adquisición | Total de préstamos | Signatura topográfica completa | Código de barras | Visto por última vez | Precio de reemplazo | Tipo de ítem Koha |
|---|---|---|---|---|---|---|---|---|---|---|---|---|---|---|---|
| Clasificación decimal universal | Biblioteca del Ateneo de Madrid | Biblioteca del Ateneo de Madrid | Depósito 1 | 04/01/2022 | Donación | A-14834 | 1202791 | 23/02/2023 | 23/02/2023 | Libro impreso | |||||
| Clasificación decimal universal | Biblioteca del Ateneo de Madrid | Biblioteca del Ateneo de Madrid | Rotativo | 11/06/2024 | Donación | ROT 6/2/31 | 101228413 | 11/06/2024 | 11/06/2024 | DVD |
